K aktuálnym otázkam poistného trhu v Slovenskej republike ako súčasti finančného trhu

Poistný trh v Slovenskej republike ku koncu 2004. Začlenenie slovenského poistného trhu do poistného trhu EÚ, prispôsobenie legislatívy SR v oblasti poistenia a poisťovníctva legislatíve EÚ. Vývoj trhu v oblasti životného poistenia je dynamickejší ako v neživotnom poistení. SR sa postupne približuje...

Ausführliche Beschreibung

Gespeichert in:
Bibliographische Detailangaben
1. Verfasser: Drugdová, Barbora
Format: Buchkapitel
Sprache:Slowakisch
Schlagworte:
Tags: Tag hinzufügen
Keine Tags, Fügen Sie das erste Tag hinzu!

MARC

LEADER 00000naa$a2200000$$$4500
001 0050427
005 20240618130154.4
041 0 |a slo 
044 |a CZ 
245 1 0 |a K aktuálnym otázkam poistného trhu v Slovenskej republike ako súčasti finančného trhu  |c Barbora Drugdová 
520 |a Poistný trh v Slovenskej republike ku koncu 2004. Začlenenie slovenského poistného trhu do poistného trhu EÚ, prispôsobenie legislatívy SR v oblasti poistenia a poisťovníctva legislatíve EÚ. Vývoj trhu v oblasti životného poistenia je dynamickejší ako v neživotnom poistení. SR sa postupne približuje poistnému európskemu priemeru, ktorý zhruba predstavuje 60 percent v prospech životného poistenia. 
610 2 0 |a trh poistný 
610 2 0 |a Slovensko 
610 2 0 |a legislatíva 
610 2 0 |a Európska únia 
610 2 0 |a aproximácia práva 
610 2 0 |a poistenie neživotné 
610 2 0 |a poistenie životné 
100 1 |a Drugdová, Barbora